|
|
|
|
| LEADER |
00854nam a2200265 4500 |
| 001 |
DLU120140976 |
| 005 |
##20120919 |
| 040 |
# |
# |
|a DLU
|b vie
|
| 041 |
# |
# |
|a vie
|
| 044 |
# |
# |
|a vn
|
| 100 |
# |
# |
|a Phạm Đức Nghiệm.
|
| 245 |
# |
# |
|a Ứng dụng, chuyển giao thành tựu khoa học - công nghệ trong nông, lâm nghiệp trên địa bàn Tây Nguyên /
|c Phạm Đức Nghiệm.
|
| 653 |
# |
# |
|a Cách mạng xanh
|
| 653 |
# |
# |
|a Khoa học kĩ thuật
|
| 653 |
# |
# |
|a Phát triển nông nghiệp
|
| 773 |
# |
# |
|t Tạp chí Cộng sản
|g Số 3(821), 2011, tr. 87-91
|
| 920 |
# |
# |
|a Phòng Tạp chí -- Trung tâm Thông tin - Thư viện Trường Đại học Đà Lạt
|
| 994 |
# |
# |
|a DLU
|
| 900 |
# |
# |
|a True
|
| 911 |
# |
# |
|a Nguyễn Thị Linh Chi
|
| 925 |
# |
# |
|a G
|
| 926 |
# |
# |
|a A
|
| 927 |
# |
# |
|a BB
|
| 980 |
# |
# |
|a Thư viện Trường Đại học Đà Lạt
|